Normal view
MARC view
- CLARKE, ROBERT B, MINIUM, EDWARD W
Entry Personal Name
001 - CONTROL NUMBER
- control field: 67155
003 - CONTROL NUMBER IDENTIFIER
- control field: NUST
005 - DATE AND TIME OF LATEST TRANSACTION
- control field: 20210628203743.0
008 - FIXED-LENGTH DATA ELEMENTS
- fixed length control field: 210628|| aca||aabn | a|a d
040 ## - CATALOGING SOURCE
- Original cataloging agency: NUST
- Transcribing agency: NUST
100 ## - HEADING--PERSONAL NAME
- Personal name: CLARKE, ROBERT B, MINIUM, EDWARD W
670 ## - SOURCE DATA FOUND
- Source citation: Work cat.: (NUST): CLARKE, ROBERT B, MINIUM, EDWARD W, ELEMENTS OF STATISTICAL REASONING, 1982
